| Tag |
First Indicator |
Second Indicator |
Subfields |
| LEADER |
00000cam a2200000 a 4500 |
| 001 |
in00000016062 |
| 005 |
20151007052655.0 |
| 008 |
850228s1985 cau 00011 eng |
| 010 |
|
|
|a 85070818
|
| 020 |
|
|
|a 0933529007 (pbk.) :
|c $7.00
|
| 035 |
|
|
|a (OCoLC)13004377
|
| 035 |
|
|
|9 AAA8747AM
|
| 040 |
|
|
|a DLC
|c DLC
|d m/c
|d TXA
|d UtOrBLW
|
| 049 |
|
|
|a TXAM
|c [A11057407]
|
| 050 |
0 |
0 |
|a PS3569.W59
|b E95 1985
|
| 082 |
0 |
|
|a 813/.54
|2 19
|
| 100 |
1 |
|
|a Switzer, Margaret,
|d 1949-
|
| 245 |
1 |
0 |
|a Existential folktales /
|c Margaret Switzer.
|
| 264 |
|
1 |
|a Berkeley, Calif. :
|b Cayuse Press,
|c [1985]
|
| 264 |
|
4 |
|c ©1985
|
| 300 |
|
|
|a 157 pages ;
|c 22 cm.
|
| 336 |
|
|
|a text
|b txt
|2 rdacontent
|
| 337 |
|
|
|a unmediated
|b n
|2 rdamedia
|
| 338 |
|
|
|a volume
|b nc
|2 rdacarrier
|
| 650 |
|
0 |
|a Tales
|x Fiction.
|
| 999 |
|
|
|a MARS
|
| 999 |
f |
f |
|s a9c04205-4d73-3f43-85d5-ac1f71e77107
|i 086101ea-d10b-3d02-a4df-e6024bb66ba8
|t 0
|
| 952 |
f |
f |
|p ric
|a Texas A&M University
|b Rellis Campus
|c Joint Library Facility
|d Remote Storage
|t 0
|e PS3569.W59 E95 1985
|h Library of Congress classification
|i unmediated -- volume
|m A14811057407
|
| 998 |
f |
f |
|a PS3569.W59 E95 1985
|t 0
|l Remote Storage
|